| 000 -LEADER |
| fixed length control field |
01557nam a22002897a 4500 |
| 008 - FIXED-LENGTH DATA ELEMENTS--GENERAL INFORMATION |
| fixed length control field |
250527b xxu||||| |||| 00| 0 eng d |
| 040 ## - CATALOGING SOURCE |
| Original cataloging agency |
Cagayan State University |
| Description conventions |
RDA |
| 082 ## - DEWEY DECIMAL CLASSIFICATION NUMBER |
| Classification number |
791.4372 |
| Item number |
T3745 2020 |
| 245 ## - TITLE STATEMENT |
| Title |
The old guard 2020 / directed by Gina Prince-Bythewood ; written by Greg Rucka ; produced by David Ellison (and six others). |
| 260 ## - PUBLICATION, DISTRIBUTION, ETC. (IMPRINT) |
| Place of publication, distribution, etc |
United States : |
| Name of publisher, distributor, etc |
Skydance ; |
| -- |
Denver and Delilah Productions ; |
| -- |
Marc Evans Productions ; |
| -- |
Netflix, |
| Date of publication, distribution, etc |
2020. |
| 300 ## - PHYSICAL DESCRIPTION |
| Extent |
1 videofile, (ca. 125 mins.) |
| Other physical details |
sound, color. |
| 520 ## - SUMMARY, ETC. |
| Summary, etc |
Led by a warrior named Andy (Charlize Theron), a covert group of tight-knit mercenaries with a mysterious inability to die have fought to protect the mortal world for centuries. But when the team is recruited to take on an emergency mission and their extraordinary abilities are suddenly exposed, it's up to Andy and Nile (Kiki Layne), the newest soldier to join the ranks, to help the group eliminate the threat of those who seek to replicate and monetize their power by any means necessary. |
| 650 ## - SUBJECT ADDED ENTRY--TOPICAL TERM |
| Topical term or geographic name as entry element |
Action. |
| 650 ## - SUBJECT ADDED ENTRY--TOPICAL TERM |
| Topical term or geographic name as entry element |
Thriller. |
| 700 ## - ADDED ENTRY--PERSONAL NAME |
| Personal name |
Theron, Charlize, star. |
| 700 ## - ADDED ENTRY--PERSONAL NAME |
| Personal name |
Layne, KiKi, star. |
| 700 ## - ADDED ENTRY--PERSONAL NAME |
| Personal name |
Kenzari, Marwan, star. |
| 700 ## - ADDED ENTRY--PERSONAL NAME |
| Personal name |
Marinelli, Luca, star. |
| 700 ## - ADDED ENTRY--PERSONAL NAME |
| Personal name |
Melling, Harry, star. |
| 700 ## - ADDED ENTRY--PERSONAL NAME |
| Personal name |
Ngo, Veronica, star. |
| 700 ## - ADDED ENTRY--PERSONAL NAME |
| Personal name |
Schoenaerts, Matthias, star. |
| 700 ## - ADDED ENTRY--PERSONAL NAME |
| Personal name |
Ejiofor, Chiwetel, star. |
| 700 ## - ADDED ENTRY--PERSONAL NAME |
| Personal name |
Reiker, Tami, cinematographer. |
| 700 ## - ADDED ENTRY--PERSONAL NAME |
| Personal name |
Ackroyd, Barry, cinematographer. |
| 700 ## - ADDED ENTRY--PERSONAL NAME |
| Personal name |
Shropshire, Terilyn A., editor. |
| 942 ## - ADDED ENTRY ELEMENTS (KOHA) |
| Source of classification or shelving scheme |
|
| Item type |
Audio-Visual Materials |